000 00432cam a22001571 4500
082 _a621.19
_bGAF
_cL-12, P-17
100 1 _aGaffert, Gustaf Adolf,
_941044
245 1 0 _aSteam power stations.
250 _a4th ed.
260 _aNew York,
_bMcGraw-Hill,
_c1952.
300 _a637 p.
_billus.
_c24 cm.
526 _a0
_b0
_c0
_d621_190000000000000_GAF
650 0 _aMCE
_9379
650 0 _aSteam power-plants.
_941045
942 _2ddc
_cBK
999 _c545246
_d545246